Fr. Conceicao Rodrigues College of Engineering

Theory & Practice Machine Shop (Record no. 23993)

MARC details
000 -LEADER
fixed length control field 00270nam a2200121Ia 4500
100 ## - MAIN ENTRY--PERSONAL NAME
Personal name Wagener& Arthur
245 ## - TITLE STATEMENT
Title Theory & Practice Machine Shop
260 ## - PUBLICATION, DISTRIBUTION, ETC.
Name of publisher, distributor, etc. Affilated East West Press
Date of publication, distribution, etc. 2001
300 ## - PHYSICAL DESCRIPTION
Extent 306
546 ## - LANGUAGE NOTE
Language note ENGLISH
654 ## - SUBJECT ADDED ENTRY--FACETED TOPICAL TERMS
Focus term machine
942 ## - ADDED ENTRY ELEMENTS (KOHA)
Koha item type BOOK
Holdings
Withdrawn status Lost status Damaged status Not for loan Collection Home library Current library Date acquired Cost, normal purchase price Total Checkouts Full call number Barcode Date last seen Cost, replacement price Price effective from Koha item type
        AFT Fr. Agnel's C.Rodrigues College of Engineering Fr. Agnel's C.Rodrigues College of Engineering 17/03/2023 8.00   AFT462 17/03/2023 8.00 17/03/2023 BOOK